| 000 | 00783nam a2200265 a 4500 | ||
|---|---|---|---|
| 003 | AR-BaBNM | ||
| 005 | 20251128210607.0 | ||
| 008 | 082120s2002 ||||||||||||||000 | spa|| | ||
| 040 | _cAR-BaBNM | ||
| 100 | 1 | _aAlas, Higinio | |
| 245 | 0 | 0 |
_aAutoeducación comunitaria de adultos _bproceso de concientización y alfabetización |
| 260 |
_aBuenos Aires _bEdiciones Búsqueda _c1976 |
||
| 300 |
_a127 p. _bil., gráfs. |
||
| 500 | _aContiene referencias bibliográficas | ||
| 650 | 4 | _aEDUCACION DE ADULTOS | |
| 650 | 4 | _aALFABETIZACION | |
| 650 | 4 | _aMETODOS DE ENSEÑANZA | |
| 650 | 4 | _aALUMNOS ADULTOS | |
| 650 | 4 | _aAPRENDIZAJE DE ADULTOS | |
| 650 | 4 | _aPRAXIS EDUCATIVA | |
| 653 | _aESTRATEGIAS EDUCATIVAS | ||
| 700 | 1 | _aCabrera, Sergio | |
| 942 | _cBK | ||
| 998 | _cRaquel | ||
| 999 |
_c16086 _d16086 |
||